| 000 | 00494nam a22001697a 4500 | ||
|---|---|---|---|
| 999 |
_c41270 _d41270 |
||
| 003 | OSt | ||
| 005 | 20210412140034.0 | ||
| 008 | 210412b ||||| |||| 00| 0 eng d | ||
| 020 | _a9788182719224 | ||
| 040 | _coclc | ||
| 082 |
_a297 _bKAR/V |
||
| 100 |
_91839 _a Karakunnu, Sheikh Mohammed |
||
| 245 |
_aVazhivilakku/ _cShaikh Muhammed Karakunnu |
||
| 260 |
_aKozhikode: _b Islamic Publishing House |
||
| 300 | _a140 pages | ||
| 942 |
_2ddc _cBK _h297 _iKAR/V _k297 _mKAR/V |
||